Logo BPK

Biblioteka

Politechniki Koszalińskiej

Komputerowa analiza rynków terminowych / (Rekord nr 45973)

Szczegóły MARC
000 -ETYKIETA REKORDU
podpole kontrolne o stałej długości 01223nam a2200289 i 4500
001 - NUMER KONTROLNY REKORDU
pole kontrolne bg
020 ## - MIĘDZYNARODOWY ZNORMALIZOWANY NUMER KSIĄŻKI - ISBN
ISBN 8387014176
040 ## - ŹRÓDŁO KATALOGOWANIA
Instytucja, która utworzyła rekord BPK
041 1# - KOD JĘZYKA
Kod języka tekstu pol
Kod języka oryginału eng
080 ## - UNIWERSALNA KLASYFIKACJA DZIESIĘTNA - UKD
UKD 336.764/.768:004.94
920 ## - Międzynarodowy znormalizowany numer książki – ISBN
ISBN 83-87014-17-6
008 - POLE O STAŁEJ DŁUGOŚCI - DANE KONTROLNE
podpole kontrolne o stałej długości s pl f |000 0 pol
100 1# - NAZWA OSOBOWA
Nazwa osobowa LeBEAU, Charles
245 10 - TYTUŁ/ODPOWIEDZIALNOŚĆ
Tytuł Komputerowa analiza rynków terminowych /
Pozostałe elementy strefy tytułu i oznaczenia odpowiedzialności Charles LeBeau, David W. Lucas ; przeł. Krzysztof Środa.
246 ## - WARIANT TYTUŁU
Treść wyrażenia wprowadzającego Tyt. oryg.:
Tytuł Technical traders guide to computer analysis of the futures market
260 ## - STREFA ADRESU WYDAWNICZEGO
Miejsce wydania Warszawa :
Nazwa wydawcy/dystrybutora WIG-Press,
Data publikacji, dystrybucji/powstania dokumentu 1998.
300 ## - STREFA OPISU FIZYCZNEGO
Objętość XVI, 254 s. :
Inne cechy fizyczne wykr. ;
Rozmiary 25 cm.
490 1# - STREFA SERII I DOKUMENTU WIELOCZĘŚCIOWEGO - FORMA NIE DO WYSZUKIWANIA
Tytuł i oznaczenie odpowiedzialności serii Biblioteka Inwestora
500 ## - UWAGI OGÓLNE
Tekst uwagi Tyt. oryg.: "Technical traders guide to computer analysis of the futures market" 1992. - Na okł. podtyt.: projektowanie systemów, narzędzia techniczne, testowanie systemów, transakcje jednodniowe, wzory wskaźników technicznych.
650 #9 - HASŁO PRZEDMIOTOWE W FORMIE NAZWY OGÓLNEJ LUB JEDNOSTKOWEJ
Nazwa ogólna lub geograficzna Komputery
Określnik ogólny stosowanie
-- gospodarka
650 #9 - HASŁO PRZEDMIOTOWE W FORMIE NAZWY OGÓLNEJ LUB JEDNOSTKOWEJ
Nazwa ogólna lub geograficzna Transakcja terminowa
Określnik ogólny badanie
-- metody
700 1# - HASŁO DODATKOWE - NAZWA OSOBOWA
Nazwa osobowa LUCAS, David W.
700 1# - HASŁO DODATKOWE - NAZWA OSOBOWA
Nazwa osobowa ŚRODA, Krzysztof.
Określenie związku między hasłem a opisywanym materiałem Tł.
830 ## - HASŁO DODATKOWE SERII LUB DOKUMENTU WIELOCZĘŚCIOWEGO - TYTUŁ UJEDNOLICONY
Tytuł ujednolicony Biblioteka Inwestora
856 ## - LOKALIZACJA I DOSTĘP DO ELEKTRONICZNYCH DOKUMENTÓW ZDALNYCH
Link (URL) http://koha.tu.koszalin.pl/cgi-bin/koha/opac-detail.pl?biblionumber=45973
Tekst linku Katalog online BPK
942 ## - DODATKOWE ELEMENTY (KOHA)
Typ dokumentu Książka
Egzemplarze
Wycofany Status egzemplarza Uszkodzony Dostępność Lokalizacja stała Lokalizacja bieżąca Miejsce przechowywania Sygnatura Kod kreskowy Dział Typ dokumentu
      Tylko na miejscu Biblioteka Politechniki Koszalińskiej Biblioteka Politechniki Koszalińskiej Czytelnia Wydziałowa ul. Kwiatkowskiego 6e 75387 02255897 004 Informatyka Książka
© 2023 Biblioteka Politechniki Koszalińskiej :: KOHA